000 00862nam a2200241 a 4500
001 BRCA_4484
005 20190320204704.0
008 090910s1974----mx-a######---#000-0#eng-#
041 _aeng
044 _amx
050 4 _aN6554
_b.N49 1974
245 1 0 _aThe News
_bVistas, Mexico City.
260 _aMéxico
_bThe News
_c1974
300 _a1 h.
_bil. (algunas a color)
_c38 cm.
500 _aEstado físico: hoja deteriorada
500 _aContenido: Presenta imágenes de dos paneles del biombo del S. XVII de la colección Franz Mayer en el que se aprecia el encuentro entre Moctezuma y Cortés
500 _aRecorte de periódico inventariado por Banco de México como libro
500 _aCC16
650 1 4 _aArtes decorativas
_y1974
_zMéxico
_911359
651 4 _aMéxico
_xHistoria
_yDescubrimiento y conquista
_911360
902 _aGFM
942 _2lcc
_cB
999 _c4190
_d4190